ბათუმის შოთა რუსთაველის სახელმწიფო უნივერსიტეტის ბიბლიოთეკა

ვანის დღიურის ფურცლები : (ბიბ.ჩანაწერი № 59257)

000 -ლიდერი
ფიქსირებული სიგრძის საკონტროლო ველი 00966nam a22001937a 4500
003 - საკონტროლო ნომრის იდენტიფიკატორი
საკონტროლო ველი Ge_BSU
005 - ბოლო ოპერაციის თარიღი და დრო
საკონტროლო ველი 20221226101955.0
008 - ფიქსირებული სიგრძის მონაცემთა ელემენტები - ზოგადი ინფორმაცია
ფიქსირებული სიგრძის საკონტროლო ველი 221226s1982ge xxu||||| |||| 00| 0 geo d
041 ## - ენის კოდი
Language code of text/sound track or separate title geo
080 ## - უნივერსალური ათობითი კლასიფიკაციის ინდექსი
Universal Decimal Classification number 39(479.22)+902.2(479.222.11) რ-97
100 ## - მთავარი ჩანაწერი - პიროვნების სახელი
Personal name რუხაძე, ჯულიეტა, ავტ.
9 (RLIN) 16567
245 ## - ცნობა სათაურის შესახებ
Title ვანის დღიურის ფურცლები :
Remainder of title [ეთნოგრაფიული ნარკვევი] /
Statement of responsibility, etc ჯ. რუხაძე, რედ. ე.მაისურაძე
264 ## - წარმოების, გამოცემის, დისტრიბუციის და სხვა ცნობები
გამოცემის, წარმოების, დისტრიბუციის... ადგილი თბილისი :
გამოცემის, წარმოების, დისტრიბუციის... სახელწოდება საბჭ. საქართველო,
გამოცემის, წარმოების, დისტრიბუციის... თარიღი 1982.
300 ## - ფიზიკური აღწერა
Extent 89 გვ. :
Other physical details ილ. 2 ფ. ;
Dimensions 21 სმ.
653 ## - INDEX TERM--UNCONTROLLED
Uncontrolled term საქართველოს ეთნოგრაფია
653 ## - INDEX TERM--UNCONTROLLED
Uncontrolled term ვანის არქეოლოგიური გათხრები.
700 ## - ADDED ENTRY--PERSONAL NAME
Personal name მაისურაძე, ე
Relator term რედაქტორი
9 (RLIN) 16568
942 ## - ADDED ENTRY ELEMENTS (KOHA)
Source of classification or shelving scheme
Koha item type წიგნი
ეგზემპლარები
ჩამოწერის სტატუსი დაკარგული ეგზემპლარის სტატუსი კლასიფიკაციის წყარო ან თაროზე გაწყობის სქემა დაზიანების სტატუსი არ გაიცემა მუდმივი მდებარეობა (დაცვის ადგილი) ამჟამინდელი ადგილსამყოფელი თაროზე განთავსების ადგილი შეძენის თარიღი ღირებულება, შესყიდვის ნორმალური ფასი სრული შენახვის შიფრი შტრიხკოდი ბოლო ოპერაციის თარიღი ეგზემპლარის მიმდევრობითი ნომერი (კეტერი?) ფასის ძალაში შესვლის თარიღი ეგზემპლარის სახეობა საჯარო შენიშვნა
          ბათუმის შოთა რუსთაველის სახელმწიფო უნივერსიტეტის მთავარი ბიბლიოთეკა ბათუმის შოთა რუსთაველის სახელმწიფო უნივერსიტეტის მთავარი ბიბლიოთეკა წიგნსაცავი 2022-12-26 5.00 39(479.22)+902.2(479.222.11) რ-97 63386 2022-12-26 63386 2022-12-26 წიგნი 5.00